Statistiques concernant Cours d'italien 3 - Couleurs

Cliquez ici pour prendre le quiz!

Statistiques générales

  • Ce quiz a été pris 53 fois
  • Le résultat moyen est 8 sur 19

Statistiques - réponses

FranceseItaliano% Correct
BlancBianco
94%
RougeRosso
91%
NoirNero
88%
VertVerde
84%
AzurAzzurro
75%
BleuBlu
75%
JauneGiallo
66%
CouleurColore
50%
RoseRosa
50%
MarronMarrone
38%
GrisGrigio
31%
ClairChiaro
19%
VioletViola
19%
OrangeArancione
16%
Bleu clair / turquoiseCeleste (blu chiaro)
13%
FoncéOscuro
13%
OpaqueOpaco
9%
TransparentTrasparente
6%
Vif / viveBrillante
0%

Distribution des résultats

Percentile par nombre de réponses

% des personnes avec chaque résultat

Votre développement - résultats

Vous n’avez pas pris ce quiz